000 01227nam a2200289 i 4500
001 60546
005 20180714061835.0
008 140415s2015 fr a r 000 0 eng d
020 _a9789264229419
040 _aMX-PuUPA
_bspa
_erda
_cMx-PuUPA
_dMx-PuUPA
041 0 _aeng
082 0 _a338.2003984754
_bORG
110 2 _aOrganisation for Economic Co-operation and Development.
_bDevelopment Department,
_eautor
245 1 3 _aInnovation policies for inclusive growth.
264 1 _aParis :
_bOECD Publishing,
_c2015
300 _a98 páginas :
_bilustraciones (en blanco y negro) ;
_c28 cm.
336 _atexto
_2rdacontent
337 _asin mediación
_2rdamedia
337 _ainformático
_2rdamedia
338 _avolumen
_2rdacarrier
338 _aremoto
_2rdacarrier
650 4 _aHistoria económica
650 4 _aPolítica económica
650 4 _aDesarrollo sostenible
776 1 8 _iReproducción digital (manifestación):
_aOrganisation for Economic Co-operation and Development.rganisatioan for
_tInnovation policies for inclusive growth.
_z9789264229488
856 4 0 _aoecd-ilibrary.org
_uhttp://dx.doi.org/10.1787/9789264229488-en
_yTexto completo
_zVersión digital, incluye tabla de contenido
999 _c60546
_d60546